[Event "Benidorm Satellite preliminary"]
[Site "playchess.com #007036"]
[Date "2009.10.24"]
[Round "10"]
[White "Kingsize"]
[Black "jchess06"]
[Result "1-0"]
[WhiteElo "1463"]
[BlackElo "1759"]
[PlyCount "97"]
[EventDate "2009.10.24"]
[EventType "swiss (blitz)"]

1. e4 {[%emt 0:00:02]} e5 {[%emt 0:00:00]} 2. Nf3 {[%emt 0:00:02]} Nf6 {[%emt
0:00:00]} 3. Nxe5 {[%emt 0:00:01]} d6 {[%emt 0:00:02]} 4. Nc4 {[%emt 0:00:01]}
Nxe4 {[%emt 0:00:02]} 5. d4 {[%emt 0:00:01]} d5 {[%emt 0:00:01]} 6. Ncd2 {
[%emt 0:00:01]} Bf5 {[%emt 0:00:02]} 7. Nxe4 {[%emt 0:00:01]} dxe4 {[%emt 0:00:
01]} 8. Be3 {[%emt 0:00:04]} c5 {[%emt 0:00:01]} 9. c3 {[%emt 0:00:01]} cxd4 {
[%emt 0:00:01]} 10. cxd4 {[%emt 0:00:03]} Nc6 {[%emt 0:00:00]} 11. Bb5 {[%emt
0:00:04]} Qa5+ {[%emt 0:00:03]} 12. Nc3 {[%emt 0:00:03]} Bb4 {[%emt 0:00:02]}
13. Bxc6+ {[%emt 0:00:03]} bxc6 {[%emt 0:00:00]} 14. Qc2 {[%emt 0:00:07]} O-O {
[%emt 0:00:05]} 15. O-O {[%emt 0:00:01]} Rab8 {[%emt 0:00:17]} 16. Nxe4 {[%emt
0:00:12]} Qd5 {[%emt 0:00:02]} 17. f3 {[%emt 0:00:01]} Qe6 {[%emt 0:00:03]} 18.
Bf4 {[%emt 0:00:20]} Rfe8 {[%emt 0:00:02]} 19. Bxb8 {[%emt 0:00:20]} Rxb8 {
[%emt 0:00:08]} 20. Qe2 {[%emt 0:00:07]} Re8 {[%emt 0:00:02]} 21. a3 {[%emt 0:
00:09]} Ba5 {[%emt 0:00:04]} 22. Rad1 {[%emt 0:00:29]} Qd5 {[%emt 0:00:05]} 23.
Qc2 {[%emt 0:00:21]} h6 {[%emt 0:00:05]} 24. Qc5 {[%emt 0:00:04]} Bxe4 {[%emt
0:00:06]} 25. fxe4 {[%emt 0:00:04]} Qxe4 {[%emt 0:00:02]} 26. Qxa5 {[%emt 0:00:
05]} Qe3+ {[%emt 0:00:11]} 27. Kh1 {[%emt 0:00:03]} Re7 {[%emt 0:00:01]} 28.
Qf5 {[%emt 0:00:10]} g6 {[%emt 0:00:03]} 29. Qf6 {[%emt 0:00:03]} Rd7 {[%emt 0:
00:03]} 30. Qxc6 {[%emt 0:00:14]} Rxd4 {[%emt 0:00:06]} 31. Rxd4 {[%emt 0:00:
01]} Qxd4 {[%emt 0:00:00]} 32. Qc8+ {[%emt 0:00:04]} Kg7 {[%emt 0:00:06]} 33.
Qc3 {[%emt 0:00:02]} Qxc3 {[%emt 0:00:07]} 34. bxc3 {[%emt 0:00:02]} f6 {[%emt
0:00:01]} 35. Re1 {[%emt 0:00:01]} Kf7 {[%emt 0:00:01]} 36. c4 {[%emt 0:00:01]}
f5 {[%emt 0:00:22]} 37. c5 {[%emt 0:00:01]} Kf6 {[%emt 0:00:11]} 38. c6 {[%emt
0:00:01]} Kg5 {[%emt 0:00:01]} 39. c7 {[%emt 0:00:01]} h5 {[%emt 0:00:00]} 40.
c8=Q {[%emt 0:00:02]} Kg4 {[%emt 0:00:00]} 41. Qc4+ {[%emt 0:00:04]} f4 {[%emt
0:00:09]} 42. Qe6+ {[%emt 0:00:02]} Kg5 {[%emt 0:00:01]} 43. Re5+ {[%emt 0:00:
02]} Kh6 {[%emt 0:00:01]} 44. Rc5 {[%emt 0:00:03]} f3 {[%emt 0:00:01]} 45. gxf3
{[%emt 0:00:02]} h4 {[%emt 0:00:01]} 46. Rc6 {[%emt 0:00:01]} Kh7 {[%emt 0:00:
02]} 47. Qxg6+ {[%emt 0:00:01]} Kh8 {[%emt 0:00:01]} 48. Rc7 {[%emt 0:00:02]}
h3 {[%emt 0:00:02]} 49. Qg7# {[%emt 0:00:01]} 1-0

[Event "Benidorm Satellite preliminary"]
[Site "playchess.com #007036"]
[Date "2009.10.24"]
[Round "10"]
[White "Came On"]
[Black "David Lynch"]
[Result "0-1"]
[WhiteElo "2605"]
[BlackElo "2105"]
[PlyCount "128"]
[EventDate "2009.10.24"]
[EventType "swiss (blitz)"]

1. d4 {[%emt 0:00:02]} Nf6 {[%emt 0:00:01]} 2. Nf3 {[%emt 0:00:00]} g6 {[%emt
0:00:01]} 3. g3 {[%emt 0:00:01]} Bg7 {[%emt 0:00:00]} 4. Bg2 {[%emt 0:00:00]}
O-O {[%emt 0:00:00]} 5. O-O {[%emt 0:00:00]} d6 {[%emt 0:00:00]} 6. c4 {[%emt
0:00:01]} Nc6 {[%emt 0:00:00]} 7. Nc3 {[%emt 0:00:00]} a6 {[%emt 0:00:00]} 8.
e3 {[%emt 0:00:00]} Rb8 {[%emt 0:00:01]} 9. Rb1 {[%emt 0:00:00]} b5 {[%emt 0:
00:01]} 10. cxb5 {[%emt 0:00:01]} axb5 {[%emt 0:00:00]} 11. a3 {[%emt 0:00:01]}
b4 {[%emt 0:00:01]} 12. axb4 {[%emt 0:00:02]} Nxb4 {[%emt 0:00:01]} 13. Nd2 {
[%emt 0:00:04]} Ba6 {[%emt 0:00:01]} 14. Re1 {[%emt 0:00:05]} Bd3 {[%emt 0:00:
22]} 15. Ra1 {[%emt 0:00:11]} Nc2 {[%emt 0:00:01]} 16. Ra7 {[%emt 0:00:27]}
Nxe1 {[%emt 0:00:02]} 17. Qxe1 {[%emt 0:00:01]} c5 {[%emt 0:00:04]} 18. h3 {
[%emt 0:00:09]} c4 {[%emt 0:00:03]} 19. Qd1 {[%emt 0:00:13]} d5 {[%emt 0:00:05]
} 20. Nf3 {[%emt 0:00:07]} Ne4 {[%emt 0:00:13]} 21. Nxe4 {[%emt 0:00:04]} Bxe4
{[%emt 0:00:01]} 22. Kh2 {[%emt 0:00:06]} e6 {[%emt 0:00:04]} 23. Qa4 {[%emt 0:
00:08]} Ra8 {[%emt 0:00:03]} 24. Bd2 {[%emt 0:00:09]} Rxa7 {[%emt 0:00:03]} 25.
Qxa7 {[%emt 0:00:00]} Qa8 {[%emt 0:00:01]} 26. Qe7 {[%emt 0:00:04]} Re8 {[%emt
0:00:04]} 27. Qh4 {[%emt 0:00:01]} Qd8 {[%emt 0:00:03]} 28. Qf4 {[%emt 0:00:06]
} Qf6 {[%emt 0:00:12]} 29. Qxf6 {[%emt 0:00:09]} Bxf6 {[%emt 0:00:00]} 30. Bc3
{[%emt 0:00:01]} Bxf3 {[%emt 0:00:06]} 31. Bxf3 {[%emt 0:00:01]} Rb8 {[%emt 0:
00:00]} 32. Kg2 {[%emt 0:00:04]} Be7 {[%emt 0:00:01]} 33. e4 {[%emt 0:00:00]}
dxe4 {[%emt 0:00:03]} 34. Bxe4 {[%emt 0:00:01]} Bb4 {[%emt 0:00:00]} 35. d5 {
[%emt 0:00:03]} Bxc3 {[%emt 0:00:03]} 36. bxc3 {[%emt 0:00:01]} f5 {[%emt 0:00:
08]} 37. Bf3 {[%emt 0:00:02]} e5 {[%emt 0:00:02]} 38. Be2 {[%emt 0:00:08]} Rc8
{[%emt 0:00:12]} 39. f4 {[%emt 0:00:11]} exf4 {[%emt 0:00:09]} 40. gxf4 {[%emt
0:00:01]} Kf8 {[%emt 0:00:01]} 41. Kf3 {[%emt 0:00:00]} Ke7 {[%emt 0:00:01]}
42. Ke3 {[%emt 0:00:00]} Kd6 {[%emt 0:00:02]} 43. Kd4 {[%emt 0:00:00]} Re8 {
[%emt 0:00:03]} 44. Bxc4 {[%emt 0:00:02]} Re4+ {[%emt 0:00:01]} 45. Kd3 {[%emt
0:00:00]} Rxf4 {[%emt 0:00:01]} 46. Ba2 {[%emt 0:00:03]} Kc5 {[%emt 0:00:03]}
47. c4 {[%emt 0:00:03]} Rh4 {[%emt 0:00:02]} 48. Ke3 {[%emt 0:00:04]} Rxh3+ {
[%emt 0:00:01]} 49. Kf4 {[%emt 0:00:00]} Rh4+ {[%emt 0:00:05]} 50. Kf3 {[%emt
0:00:04]} g5 {[%emt 0:00:02]} 51. Bb1 {[%emt 0:00:02] Came On offers a draw}
Rf4+ {[%emt 0:00:06]} 52. Ke3 {[%emt 0:00:04]} h5 {[%emt 0:00:02]} 53. Bd3 {
[%emt 0:00:02]} h4 {[%emt 0:00:01]} 54. Be2 {[%emt 0:00:03]} h3 {[%emt 0:00:02]
} 55. Bf3 {[%emt 0:00:00]} Rxc4 {[%emt 0:00:05]} 56. Kf2 {[%emt 0:00:05]} g4 {
[%emt 0:00:03]} 57. Be2 {[%emt 0:00:02]} Rc2 {[%emt 0:00:03]} 58. d6 {[%emt 0:
00:01]} Kxd6 {[%emt 0:00:01]} 59. Kg3 {[%emt 0:00:01]} Rxe2 {[%emt 0:00:02]}
60. Kh4 {[%emt 0:00:01]} h2 {[%emt 0:00:01]} 61. Kg3 {[%emt 0:00:01]} h1=Q {
[%emt 0:00:02]} 62. Kf4 {[%emt 0:00:00]} Qf3+ {[%emt 0:00:01]} 63. Kg5 {[%emt
0:00:00]} g3 {[%emt 0:00:01]} 64. Kh4 {[%emt 0:00:00]} Qg4# {[%emt 0:00:02]}
0-1

[Event "Benidorm Satellite preliminary"]
[Site "playchess.com #007036"]
[Date "2009.10.24"]
[Round "10"]
[White "Lei"]
[Black "Ajalcaide"]
[Result "1-0"]
[WhiteElo "1363"]
[BlackElo "1285"]
[PlyCount "63"]
[EventDate "2009.10.24"]
[EventType "swiss (blitz)"]

1. e4 {[%emt 0:00:01]} c5 {[%emt 0:00:03]} 2. Nf3 {[%emt 0:00:01]} d6 {[%emt 0:
00:01]} 3. d4 {[%emt 0:00:01]} cxd4 {[%emt 0:00:01]} 4. Nxd4 {[%emt 0:00:00]}
e6 {[%emt 0:00:12]} 5. Bb5+ {[%emt 0:00:02]} Bd7 {[%emt 0:00:06]} 6. Nc3 {
[%emt 0:00:01]} a6 {[%emt 0:00:06]} 7. Bxd7+ {[%emt 0:00:09]} Nxd7 {[%emt 0:00:
03]} 8. Be3 {[%emt 0:00:03]} Ngf6 {[%emt 0:00:14]} 9. O-O {[%emt 0:00:03]} e5 {
[%emt 0:00:01]} 10. Nf5 {[%emt 0:00:07]} g6 {[%emt 0:00:10]} 11. Nxd6+ {[%emt
0:00:03]} Bxd6 {[%emt 0:00:01]} 12. Qxd6 {[%emt 0:00:02]} Qe7 {[%emt 0:00:29]}
13. Qxe7+ {[%emt 0:00:18]} Kxe7 {[%emt 0:00:01]} 14. Rad1 {[%emt 0:00:01]} Rhd8
{[%emt 0:00:07]} 15. Bg5 {[%emt 0:00:02]} Kf8 {[%emt 0:00:04]} 16. Nd5 {[%emt
0:00:07]} Kg7 {[%emt 0:00:02]} 17. f4 {[%emt 0:00:16]} h6 {[%emt 0:00:12]} 18.
fxe5 {[%emt 0:00:24]} hxg5 {[%emt 0:00:12]} 19. Nxf6 {[%emt 0:00:07]} Nxf6 {
[%emt 0:00:02]} 20. exf6+ {[%emt 0:00:04]} Kf8 {[%emt 0:00:06]} 21. e5 {[%emt
0:00:07]} Re8 {[%emt 0:00:14]} 22. Rd5 {[%emt 0:00:10]} Rab8 {[%emt 0:00:30]}
23. Rfd1 {[%emt 0:00:02]} g4 {[%emt 0:00:10]} 24. Kf2 {[%emt 0:00:01]} b5 {
[%emt 0:00:29]} 25. R1d4 {[%emt 0:00:07]} b4 {[%emt 0:00:04]} 26. Rxg4 {[%emt
0:00:06]} b3 {[%emt 0:00:05]} 27. cxb3 {[%emt 0:00:06]} Rbd8 {[%emt 0:00:01]}
28. Rgd4 {[%emt 0:00:06]} Rxd5 {[%emt 0:00:02]} 29. Rxd5 {[%emt 0:00:01]} g5 {
[%emt 0:00:02]} 30. Kg3 {[%emt 0:00:04]} Re6 {[%emt 0:00:06]} 31. Kg4 {[%emt 0:
00:03]} Ke8 {[%emt 0:00:03]} 32. Kxg5 {[%emt 0:00:03] Tiempo} 1-0

[Event "Benidorm Satellite preliminary"]
[Site "playchess.com #007036"]
[Date "2009.10.24"]
[Round "10"]
[White "Hauberk"]
[Black "Goldaxe"]
[Result "1-0"]
[WhiteElo "2364"]
[BlackElo "2099"]
[PlyCount "87"]
[EventDate "2009.10.24"]
[EventType "swiss (blitz)"]

1. e4 {[%emt 0:00:04]} c5 {[%emt 0:00:01]} 2. Nc3 {[%emt 0:00:01]} Nc6 {[%emt
0:00:02]} 3. Nf3 {[%emt 0:00:01]} g6 {[%emt 0:00:02]} 4. d4 {[%emt 0:00:00]}
cxd4 {[%emt 0:00:01]} 5. Nxd4 {[%emt 0:00:01]} d6 {[%emt 0:00:03]} 6. g3 {
[%emt 0:00:05]} Bg7 {[%emt 0:00:02]} 7. Nde2 {[%emt 0:00:02]} Nf6 {[%emt 0:00:
03]} 8. Bg2 {[%emt 0:00:01]} O-O {[%emt 0:00:02]} 9. O-O {[%emt 0:00:00]} Rb8 {
[%emt 0:00:02]} 10. a4 {[%emt 0:00:04]} a6 {[%emt 0:00:02]} 11. h3 {[%emt 0:00:
02]} b5 {[%emt 0:00:01]} 12. axb5 {[%emt 0:00:01]} axb5 {[%emt 0:00:00]} 13.
Nd5 {[%emt 0:00:04]} Nd7 {[%emt 0:00:05]} 14. c3 {[%emt 0:00:02]} Nc5 {[%emt 0:
00:13]} 15. Nd4 {[%emt 0:00:06]} Bb7 {[%emt 0:00:12]} 16. b4 {[%emt 0:00:10]}
Ne6 {[%emt 0:00:08]} 17. Nxb5 {[%emt 0:00:24]} Ne5 {[%emt 0:00:14]} 18. Be3 {
[%emt 0:00:11]} Nc4 {[%emt 0:00:07]} 19. Ba7 {[%emt 0:00:06]} Rc8 {[%emt 0:00:
11]} 20. Qe2 {[%emt 0:00:14]} Qd7 {[%emt 0:00:13]} 21. Nd4 {[%emt 0:00:08]} Ra8
{[%emt 0:00:09]} 22. Nb6 {[%emt 0:00:08]} Nxb6 {[%emt 0:00:08]} 23. Bxb6 {
[%emt 0:00:02]} Rfc8 {[%emt 0:00:09]} 24. Rxa8 {[%emt 0:00:04]} Rxa8 {[%emt 0:
00:03]} 25. Qb5 {[%emt 0:00:15]} Qxb5 {[%emt 0:00:09]} 26. Nxb5 {[%emt 0:00:01]
} Ba6 {[%emt 0:00:03]} 27. Ra1 {[%emt 0:00:03]} Bb7 {[%emt 0:00:16]} 28. Rxa8+
{[%emt 0:00:02]} Bxa8 {[%emt 0:00:00]} 29. f4 {[%emt 0:00:08]} Bc6 {[%emt 0:00:
17]} 30. Nd4 {[%emt 0:00:05]} Nxd4 {[%emt 0:00:04]} 31. cxd4 {[%emt 0:00:01]}
Kf8 {[%emt 0:00:08]} 32. Kf2 {[%emt 0:00:01]} Ke8 {[%emt 0:00:02]} 33. Ke3 {
[%emt 0:00:02]} Kd7 {[%emt 0:00:01]} 34. g4 {[%emt 0:00:03]} e5 {[%emt 0:00:03]
} 35. fxe5 {[%emt 0:00:06]} dxe5 {[%emt 0:00:02]} 36. d5 {[%emt 0:00:01]} Bb5 {
[%emt 0:00:02]} 37. g5 {[%emt 0:00:01]} f5 {[%emt 0:00:03]} 38. h4 {[%emt 0:00:
07]} f4+ {[%emt 0:00:04]} 39. Kf3 {[%emt 0:00:02]} Bf8 {[%emt 0:00:08]} 40.
Bh3+ {[%emt 0:00:01]} Ke8 {[%emt 0:00:05]} 41. Bc5 {[%emt 0:00:01]} Be7 {[%emt
0:00:03]} 42. Be6 {[%emt 0:00:02]} Ba4 {[%emt 0:00:05]} 43. d6 {[%emt 0:00:03]}
Bd1+ {[%emt 0:00:02]} 44. Kf2 {[%emt 0:00:02] Goldaxe resigns} 1-0

[Event "Benidorm Satellite preliminary"]
[Site "playchess.com #007036"]
[Date "2009.10.24"]
[Round "10"]
[White "Schachriese"]
[Black "LA ROSA ANGEL"]
[Result "1-0"]
[WhiteElo "2497"]
[BlackElo "1914"]
[PlyCount "59"]
[EventDate "2009.10.24"]
[EventType "swiss (blitz)"]

1. e4 {[%emt 0:00:01]} e6 {[%emt 0:00:01]} 2. d4 {[%emt 0:00:01]} d5 {[%emt 0:
00:03]} 3. Nd2 {[%emt 0:00:00]} Nf6 {[%emt 0:00:14]} 4. e5 {[%emt 0:00:03]}
Nfd7 {[%emt 0:00:01]} 5. c3 {[%emt 0:00:01]} c5 {[%emt 0:00:01]} 6. f4 {[%emt
0:00:01]} Nc6 {[%emt 0:00:01]} 7. Ndf3 {[%emt 0:00:00]} Be7 {[%emt 0:00:03]} 8.
Bd3 {[%emt 0:00:07]} Qb6 {[%emt 0:00:02]} 9. Ne2 {[%emt 0:00:01]} O-O {[%emt 0:
00:05]} 10. a3 {[%emt 0:00:02]} cxd4 {[%emt 0:00:03]} 11. cxd4 {[%emt 0:00:00]}
Na5 {[%emt 0:00:09]} 12. b4 {[%emt 0:00:09]} Nc6 {[%emt 0:00:06]} 13. h4 {
[%emt 0:00:03]} f6 {[%emt 0:00:05]} 14. Qc2 {[%emt 0:00:16]} f5 {[%emt 0:00:04]
} 15. g4 {[%emt 0:00:03]} g6 {[%emt 0:00:05]} 16. h5 {[%emt 0:00:27]} Qd8 {
[%emt 0:00:23]} 17. hxg6 {[%emt 0:00:21]} hxg6 {[%emt 0:00:01]} 18. gxf5 {
[%emt 0:00:12]} gxf5 {[%emt 0:00:05]} 19. Ng3 {[%emt 0:00:06]} Kf7 {[%emt 0:00:
03]} 20. Bxf5 {[%emt 0:00:23]} exf5 {[%emt 0:00:17]} 21. Qxf5+ {[%emt 0:00:01]}
Ke8 {[%emt 0:00:01]} 22. Qg6+ {[%emt 0:00:06]} Rf7 {[%emt 0:00:02]} 23. e6 {
[%emt 0:00:03]} Bxb4+ {[%emt 0:00:33]} 24. axb4 {[%emt 0:00:06]} Qe7 {[%emt 0:
00:01]} 25. Nf5 {[%emt 0:00:18]} Qxb4+ {[%emt 0:00:09]} 26. Bd2 {[%emt 0:00:01]
} Qf8 {[%emt 0:00:02]} 27. Ng5 {[%emt 0:00:18]} Nb6 {[%emt 0:00:41]} 28. Qxf7+
{[%emt 0:00:03]} Qxf7 {[%emt 0:00:01]} 29. exf7+ {[%emt 0:00:01]} Kd7 {[%emt 0:
00:07]} 30. Rh7 {[%emt 0:00:04] LA ROSA ANGEL rinde} 1-0

[Event "Benidorm Satellite preliminary"]
[Site "playchess.com #007036"]
[Date "2009.10.24"]
[Round "10"]
[White "Jahhaj"]
[Black "KVR"]
[Result "0-1"]
[WhiteElo "1933"]
[BlackElo "2480"]
[PlyCount "76"]
[EventDate "2009.10.24"]
[EventType "swiss (blitz)"]

1. d4 {[%emt 0:00:01]} Nf6 {[%emt 0:00:02]} 2. c4 {[%emt 0:00:01]} c5 {[%emt 0:
00:01]} 3. d5 {[%emt 0:00:02]} e6 {[%emt 0:00:01]} 4. Nc3 {[%emt 0:00:01]} exd5
{[%emt 0:00:00]} 5. cxd5 {[%emt 0:00:01]} d6 {[%emt 0:00:00]} 6. Nf3 {[%emt 0:
00:01]} g6 {[%emt 0:00:00]} 7. Nd2 {[%emt 0:00:01]} Bg7 {[%emt 0:00:01]} 8. e4
{[%emt 0:00:02]} O-O {[%emt 0:00:01]} 9. Be2 {[%emt 0:00:01]} a6 {[%emt 0:00:
01]} 10. a4 {[%emt 0:00:02]} Re8 {[%emt 0:00:01]} 11. O-O {[%emt 0:00:04]} Nbd7
{[%emt 0:00:01]} 12. Qc2 {[%emt 0:00:02]} Rb8 {[%emt 0:00:04]} 13. f4 {[%emt 0:
00:27]} h5 {[%emt 0:00:07]} 14. Nf3 {[%emt 0:00:09]} Qe7 {[%emt 0:00:21]} 15.
Re1 {[%emt 0:00:03]} h4 {[%emt 0:00:17]} 16. Bc4 {[%emt 0:00:09]} h3 {[%emt 0:
00:05]} 17. g3 {[%emt 0:00:03]} Nb6 {[%emt 0:00:03]} 18. Bf1 {[%emt 0:00:22]}
Bg4 {[%emt 0:00:03]} 19. Ng5 {[%emt 0:00:04]} Nfxd5 {[%emt 0:00:02]} 20. Bxh3 {
[%emt 0:00:23]} Bd4+ {[%emt 0:00:10]} 21. Kh1 {[%emt 0:00:05]} Nb4 {[%emt 0:00:
05]} 22. Qb3 {[%emt 0:00:16]} Bxh3 {[%emt 0:00:08]} 23. Nxh3 {[%emt 0:00:03]}
d5 {[%emt 0:00:02]} 24. e5 {[%emt 0:00:20]} c4 {[%emt 0:00:05]} 25. Qd1 {[%emt
0:00:04]} Nd3 {[%emt 0:00:02]} 26. Rf1 {[%emt 0:00:07]} Qd7 {[%emt 0:00:11]}
27. Kg2 {[%emt 0:00:11]} Bc5 {[%emt 0:00:02]} 28. Qf3 {[%emt 0:00:15]} Qc6 {
[%emt 0:00:09]} 29. Ng5 {[%emt 0:00:17]} Rbd8 {[%emt 0:00:03]} 30. Bd2 {[%emt
0:00:03]} Kg7 {[%emt 0:00:03]} 31. f5 {[%emt 0:00:05]} Nxe5 {[%emt 0:00:03]}
32. f6+ {[%emt 0:00:02]} Kg8 {[%emt 0:00:06]} 33. Qf4 {[%emt 0:00:07]} Nbd7 {
[%emt 0:00:21] '} 34. Qh4 {[%emt 0:00:07]} Nxf6 {[%emt 0:00:02]} 35. Rxf6 {
[%emt 0:00:02]} Qxf6 {[%emt 0:00:02]} 36. Qh7+ {[%emt 0:00:02]} Kf8 {[%emt 0:
00:01]} 37. Rf1 {[%emt 0:00:01]} Qg7 {[%emt 0:00:02]} 38. Rxf7+ {[%emt 0:00:09]
} Nxf7 {[%emt 0:00:03] Time} 0-1

[Event "Benidorm Satellite preliminary"]
[Site "playchess.com #007036"]
[Date "2009.10.24"]
[Round "10"]
[White "Mau13"]
[Black "Knetterbernd"]
[Result "0-1"]
[WhiteElo "1909"]
[BlackElo "2193"]
[PlyCount "80"]
[EventDate "2009.10.24"]
[EventType "swiss (blitz)"]

1. e4 {[%emt 0:00:03]} e5 {[%emt 0:00:01]} 2. d4 {[%emt 0:00:02]} exd4 {[%emt
0:00:01]} 3. Nf3 {[%emt 0:00:00]} Nc6 {[%emt 0:00:01]} 4. Bc4 {[%emt 0:00:01]}
Bc5 {[%emt 0:00:03]} 5. c3 {[%emt 0:00:01]} Nf6 {[%emt 0:00:03]} 6. e5 {[%emt
0:00:02]} d5 {[%emt 0:00:02]} 7. exf6 {[%emt 0:00:04]} dxc4 {[%emt 0:00:01]} 8.
fxg7 {[%emt 0:00:03]} Rg8 {[%emt 0:00:02]} 9. O-O {[%emt 0:00:16]} d3 {[%emt 0:
00:08]} 10. b3 {[%emt 0:00:04]} Rxg7 {[%emt 0:00:07]} 11. bxc4 {[%emt 0:00:05]}
Be6 {[%emt 0:00:04]} 12. Nbd2 {[%emt 0:00:04]} Qd7 {[%emt 0:00:07]} 13. Ne4 {
[%emt 0:00:03]} Be7 {[%emt 0:00:04]} 14. Bg5 {[%emt 0:00:18]} O-O-O {[%emt 0:
00:07]} 15. Bxe7 {[%emt 0:00:02]} Qxe7 {[%emt 0:00:04]} 16. Rb1 {[%emt 0:00:08]
} Bxc4 {[%emt 0:00:04]} 17. Ng3 {[%emt 0:00:07]} d2 {[%emt 0:00:12]} 18. Qa4 {
[%emt 0:00:05]} Bxf1 {[%emt 0:00:04]} 19. Nxf1 {[%emt 0:00:07]} d1=Q {[%emt 0:
00:12]} 20. Rxd1 {[%emt 0:00:02]} Rxd1 {[%emt 0:00:01]} 21. Qxd1 {[%emt 0:00:
01]} Qd7 {[%emt 0:00:01]} 22. Qc2 {[%emt 0:00:20]} Rg6 {[%emt 0:00:06]} 23. Ne3
{[%emt 0:00:05]} h5 {[%emt 0:00:10]} 24. h3 {[%emt 0:00:03]} a6 {[%emt 0:00:13]
} 25. Qe4 {[%emt 0:00:02]} Qe6 {[%emt 0:00:04]} 26. Qh4 {[%emt 0:00:12]} Qxa2 {
[%emt 0:00:05]} 27. Qxh5 {[%emt 0:00:10]} Kb8 {[%emt 0:00:04]} 28. Qh8+ {[%emt
0:00:13]} Ka7 {[%emt 0:00:01]} 29. Qf8 {[%emt 0:00:26]} a5 {[%emt 0:00:11]} 30.
Kh2 {[%emt 0:00:07]} a4 {[%emt 0:00:02]} 31. Qc5+ {[%emt 0:00:06]} b6 {[%emt 0:
00:02]} 32. Qf5 {[%emt 0:00:13]} Qe6 {[%emt 0:00:04]} 33. Qb5 {[%emt 0:00:11]}
Qb3 {[%emt 0:00:07]} 34. Qf5 {[%emt 0:00:04]} a3 {[%emt 0:00:03]} 35. Ne5 {
[%emt 0:00:05]} Nxe5 {[%emt 0:00:05]} 36. Qxe5 {[%emt 0:00:01]} Rc6 {[%emt 0:
00:03]} 37. c4 {[%emt 0:00:09]} a2 {[%emt 0:00:05]} 38. h4 {[%emt 0:00:02]} Qb1
{[%emt 0:00:05]} 39. Nd5 {[%emt 0:00:03]} a1=Q {[%emt 0:00:04]} 40. Nxc7 {
[%emt 0:00:01]} Qxe5+ {[%emt 0:00:01] Mau13 resigns} 0-1

[Event "Benidorm Satellite preliminary"]
[Site "playchess.com #007036"]
[Date "2009.10.24"]
[Round "10"]
[White "Necromant"]
[Black "FlorianKull"]
[Result "1-0"]
[WhiteElo "2476"]
[BlackElo "2075"]
[PlyCount "87"]
[EventDate "2009.10.24"]
[EventType "swiss (blitz)"]

1. e4 {[%emt 0:00:05]} e6 {[%emt 0:00:01]} 2. d4 {[%emt 0:00:01]} d5 {[%emt 0:
00:01]} 3. Nc3 {[%emt 0:00:00]} Bb4 {[%emt 0:00:02]} 4. e5 {[%emt 0:00:01]} c5
{[%emt 0:00:03]} 5. a3 {[%emt 0:00:00]} Ba5 {[%emt 0:00:01]} 6. Qg4 {[%emt 0:
00:04]} Ne7 {[%emt 0:00:02]} 7. dxc5 {[%emt 0:00:07]} Bxc3+ {[%emt 0:00:02]} 8.
bxc3 {[%emt 0:00:01]} O-O {[%emt 0:00:05]} 9. Nf3 {[%emt 0:00:02]} Qc7 {[%emt
0:00:02]} 10. Bd3 {[%emt 0:00:05]} Ng6 {[%emt 0:00:12]} 11. Bf4 {[%emt 0:00:23]
} Nd7 {[%emt 0:00:10]} 12. O-O {[%emt 0:00:12]} Nxc5 {[%emt 0:00:04]} 13. Bg3 {
[%emt 0:00:09]} Nxd3 {[%emt 0:00:05]} 14. cxd3 {[%emt 0:00:01]} Qxc3 {[%emt 0:
00:20]} 15. Rad1 {[%emt 0:00:07]} Bd7 {[%emt 0:00:05]} 16. h4 {[%emt 0:00:02]}
f5 {[%emt 0:01:23]} 17. exf6 {[%emt 0:00:16]} Rxf6 {[%emt 0:00:02]} 18. h5 {
[%emt 0:00:02]} Qxa3 {[%emt 0:00:28]} 19. hxg6 {[%emt 0:00:04]} Rxg6 {[%emt 0:
00:01]} 20. Qh4 {[%emt 0:00:06]} Rh6 {[%emt 0:00:10]} 21. Qd4 {[%emt 0:00:07]}
Qe7 {[%emt 0:00:11]} 22. Ne5 {[%emt 0:00:03]} Rf8 {[%emt 0:00:07]} 23. Rc1 {
[%emt 0:00:08]} Be8 {[%emt 0:00:02]} 24. Rc8 {[%emt 0:00:12] .} Qg5 {[%emt 0:
00:01]} 25. Qg4 {[%emt 0:00:05]} Qxg4 {[%emt 0:00:02]} 26. Nxg4 {[%emt 0:00:01]
} Rg6 {[%emt 0:00:01]} 27. Ne5 {[%emt 0:00:04]} Rg5 {[%emt 0:00:02]} 28. d4 {
[%emt 0:00:05]} Bc6 {[%emt 0:00:04]} 29. Rc7 {[%emt 0:00:04]} Rgf5 {[%emt 0:00:
06]} 30. Ra1 {[%emt 0:00:02]} h5 {[%emt 0:00:03]} 31. Nxc6 {[%emt 0:00:07]}
bxc6 {[%emt 0:00:01]} 32. f3 {[%emt 0:00:01]} R5f7 {[%emt 0:00:06]} 33. Raxa7 {
[%emt 0:00:03]} Rxc7 {[%emt 0:00:02]} 34. Rxc7 {[%emt 0:00:00]} g5 {[%emt 0:00:
01]} 35. Be5 {[%emt 0:00:01]} Rf7 {[%emt 0:00:02]} 36. Rxc6 {[%emt 0:00:01]} h4
{[%emt 0:00:01]} 37. Rxe6 {[%emt 0:00:02]} Rf5 {[%emt 0:00:02]} 38. Kh2 {[%emt
0:00:02]} Kf7 {[%emt 0:00:01]} 39. Rd6 {[%emt 0:00:01]} Ke7 {[%emt 0:00:02]}
40. Rxd5 {[%emt 0:00:02]} Ke6 {[%emt 0:00:00]} 41. Rd6+ {[%emt 0:00:01]} Ke7 {
[%emt 0:00:01]} 42. Kh3 {[%emt 0:00:01]} Rf7 {[%emt 0:00:03]} 43. Kg4 {[%emt 0:
00:01]} Rg7 {[%emt 0:00:01]} 44. Bxg7 {[%emt 0:00:02] FlorianKull gibt auf} 1-0

[Event "Benidorm Satellite preliminary"]
[Site "playchess.com #007036"]
[Date "2009.10.24"]
[Round "10"]
[White "Altamiro"]
[Black "Planescape"]
[Result "1-0"]
[WhiteElo "2091"]
[BlackElo "1735"]
[PlyCount "59"]
[EventDate "2009.10.24"]
[EventType "swiss (blitz)"]

1. e4 {[%emt 0:00:06]} d5 {[%emt 0:00:02]} 2. exd5 {[%emt 0:00:02]} Qxd5 {
[%emt 0:00:02]} 3. Nc3 {[%emt 0:00:02]} Qa5 {[%emt 0:00:01]} 4. b4 {[%emt 0:00:
00]} Qxb4 {[%emt 0:00:01]} 5. Rb1 {[%emt 0:00:01]} Qd6 {[%emt 0:00:01]} 6. Nf3
{[%emt 0:00:00]} a6 {[%emt 0:00:05]} 7. a4 {[%emt 0:00:02]} Nf6 {[%emt 0:00:07]
} 8. d4 {[%emt 0:00:03]} Bg4 {[%emt 0:00:01]} 9. h3 {[%emt 0:00:06]} Bc8 {
[%emt 0:00:15]} 10. Bd3 {[%emt 0:00:06]} e6 {[%emt 0:00:02]} 11. Qe2 {[%emt 0:
00:04]} Nc6 {[%emt 0:00:02]} 12. Bb2 {[%emt 0:00:04]} Nxd4 {[%emt 0:00:13]} 13.
Nxd4 {[%emt 0:00:00]} Qxd4 {[%emt 0:00:01]} 14. Ne4 {[%emt 0:00:03]} Qd8 {
[%emt 0:00:09]} 15. O-O {[%emt 0:00:07]} Be7 {[%emt 0:00:03]} 16. Rfd1 {[%emt
0:00:02]} Bd7 {[%emt 0:00:01]} 17. Bxf6 {[%emt 0:00:28]} Bxf6 {[%emt 0:00:02]}
18. Nc5 {[%emt 0:00:08]} Bd4 {[%emt 0:00:33]} 19. Nxb7 {[%emt 0:00:06]} Qf6 {
[%emt 0:00:05]} 20. c3 {[%emt 0:00:09]} Ba7 {[%emt 0:00:03]} 21. Be4 {[%emt 0:
00:05]} Bxa4 {[%emt 0:00:31]} 22. Rd3 {[%emt 0:00:13]} Bb5 {[%emt 0:00:03]} 23.
c4 {[%emt 0:00:03]} Bxc4 {[%emt 0:00:01]} 24. Bc6+ {[%emt 0:00:02]} Kf8 {[%emt
0:00:04]} 25. Rd8+ {[%emt 0:00:33]} Rxd8 {[%emt 0:00:03]} 26. Qxc4 {[%emt 0:00:
01]} Qxf2+ {[%emt 0:00:06]} 27. Kh1 {[%emt 0:00:01]} Rd2 {[%emt 0:00:10]} 28.
Rf1 {[%emt 0:00:20]} Qg3 {[%emt 0:00:35]} 29. Qxe6 {[%emt 0:00:05]} Bf2 {[%emt
0:00:32]} 30. Qe8# {[%emt 0:00:03]} 1-0